000 003060000a22001450004500
003 MACL
040 _aMACL
090 _c44925
_d44923
100 _aSenapati, Fakir mohan
245 _aAnanta the widow's son
260 _bFour corners
_c2009
350 _a195
650 _aNovel
942 _cBOOK
_k823/MAH
999 _c44466
_d44466